FIFA FIFPRO World XIs - Statistics

General Stats
  • This quiz has been taken 815 times
    209 since last reset
  • The average score is 60 of 89
Answer Stats
Answer % Correct
Cristiano Ronaldo
98%
Lionel Messi
97%
Manuel Neuer
97%
Sergio Ramos
95%
Xavi
94%
Andrés Iniesta
93%
Alisson
92%
Gianluigi Buffon
91%
Iker Casillas
90%
Gerard Piqué
89%
Kylian Mbappé
89%
Philipp Lahm
89%
Marcelo
88%
Neymar
88%
Erling Haaland
87%
Luka Modrić
87%
Toni Kroos
87%
Virgil van Dijk
87%
Luis Suárez
86%
Thibaut Courtois
86%
Ederson
84%
Kevin De Bruyne
84%
Ronaldinho
84%
Dani Alves
83%
Frank Lampard
82%
Robert Lewandowski
82%
Carles Puyol
79%
Steven Gerrard
78%
Paolo Maldini
77%
Rodri
77%
Thierry Henry
77%
Vinícius Júnior
77%
Bernardo Silva
76%
Kaká
76%
Thiago Silva
76%
John Terry
75%
Karim Benzema
75%
Gianluigi Donnarumma
73%
Rúben Dias
71%
Fabio Cannavaro
70%
Alessandro Nesta
68%
Casemiro
68%
Fernando Torres
68%
Raphaël Varane
67%
Rio Ferdinand
67%
Andrea Pirlo
66%
Arjen Robben
66%
Jude Bellingham
66%
N'Golo Kanté
66%
Wayne Rooney
66%
Franck Ribéry
64%
Zlatan Ibrahimović
64%
Dida
63%
Xabi Alonso
63%
Zinedine Zidane
62%
Dani Carvajal
61%
David Villa
61%
Samuel Eto'o
61%
Cafu
60%
Nemanja Vidić
60%
Paul Pogba
60%
Trent Alexander-Arnold
60%
Wesley Sneijder
60%
Antonio Rüdiger
59%
Leonardo Bonucci
58%
Andriy Shevchenko
57%
David de Gea
57%
Eden Hazard
54%
Ángel Di María
53%
Didier Drogba
52%
David Alaba
51%
John Stones
51%
Jorginho
48%
Kyle Walker
48%
Frenkie de Jong
45%
Matthijs de Ligt
43%
Joshua Kimmich
42%
Maicon
42%
Lúcio
40%
Patrice Evra
39%
Alphonso Davies
37%
Gianluca Zambrotta
35%
Thiago
35%
Radamel Falcao
33%
Claude Makélélé
32%
João Cancelo
31%
Achraf Hakimi
30%
David Luiz
29%
Lilian Thuram
29%
No matching quizzes found
Score Distribution
Percent of People with Each Score
Percentile by Number Answered
Your Score History
You have not taken this quiz since the last reset